logo

Bir Sreshtho Munshi Abdur Rouf Library
Jhenaidah Cadet College

British book news : (Record no. 3977)

MARC details
000 -LEADER
fixed length control field 01359nam a2200349 a 4500
001 - CONTROL NUMBER
JCCL Control Number 3977
003 - CONTROL NUMBER IDENTIFIER
JCCL marc code BD-JhCC
005 - DATE AND TIME OF LATEST TRANSACTION
control field 20180306172454.0
008 - FIXED-LENGTH DATA ELEMENTS--GENERAL INFORMATION
fixed length control field 171120s196619uuenkar b o0 a0eng d
035 ## - SYSTEM CONTROL NUMBER
system control number (BD-JhCC)3977
040 ## - CATALOGING SOURCE
Modifying agency BD-JhCC
Original cataloging agency BD-JhCC
041 ## - LANGUAGE CODE
Language code of Book eng
050 00 - LIBRARY OF CONGRESS CALL NUMBER
Classification number Z1035
Item number .B84
082 0# - DEWEY DECIMAL CLASSIFICATION NUMBER
Classification number 016
Author mark and Year BRI 1966
245 00 - TITLE STATEMENT
Title British book news :
Remainder of title A Guide to Book Selection /
Statement of responsibility, etc British Council.
260 ## - PUBLICATION, DISTRIBUTION, ETC. (IMPRINT)
Place of publication, distribution, etc London :
Name of publisher, distributor, etc Published for the National Book League by Longmans, Green
Date of publication, distribution, etc 1966.
300 ## - PHYSICAL DESCRIPTION
Pagination Verious Pages :
Other physical details ill., ports., maps ;
Dimensions 22 cm.
500 ## - GENERAL NOTE
General note Cumulation of the monthly publication.
504 ## - BIBLIOGRAPHY, ETC. NOTE
Bibliography, etc Includes Bibliographical Reference and Index.
525 ## - SUPPLEMENT NOTE
Supplement note Supplements accompany some issues.
550 ## - ISSUING BODY NOTE
Issuing body note Published by the National Book Council, 1940-1943; by the National Book League, 1944-1956 (for the British Council, 1944-1956); by the British Council, 1957-
650 #7 - SUBJECT ADDED ENTRY--TOPICAL TERM
Topical term or geographic name as entry element Bibliography
General subdivision Best books
-- English Literature
650 #7 - SUBJECT ADDED ENTRY--TOPICAL TERM
Topical term or geographic name as entry element Best books.
651 #7 - SUBJECT ADDED ENTRY--GEOGRAPHIC NAME
Geographic name Great Britain
General subdivision Imprints
-- Periodicals
-- PUBLICACIONES PERIODICAS.
655 #7 -
Genre/form data or focus term Bibliography.
Source of term fast
655 #7 -
Genre/form data or focus term Periodicals.
Source of term fast
710 2# - ADDED ENTRY--CORPORATE NAME
Corporate name or jurisdiction name as entry element British Council.
710 2# - ADDED ENTRY--CORPORATE NAME
Corporate name or jurisdiction name as entry element National Book Council (Great Britain)
710 2# - ADDED ENTRY--CORPORATE NAME
Corporate name or jurisdiction name as entry element National Book League (Great Britain)
942 ## - ADDED ENTRY ELEMENTS (KOHA)
Source of classification or shelving scheme Dewey Decimal Classification
Koha item type Books
Holdings
Source of classification or shelving scheme Damaged status Not for loan Home library Current library Shelving location Date of accession Total Checkouts Full call number Barcode Date last seen Copy number Koha item type
Dewey Decimal Classification     JCC Rouf Library JCC Rouf Library General Stacks 11/20/2017   016 BRI 1966 5610 11/20/2017 C-1 Books

JCC Library | Contacts | JCC Home

Last Update on 23 September 2017
Copyright @ 2017-2020 JCC Rouf Library
Rouf Library, Jhenidah Cadet College (JCC), Bangladesh